000 01434nkm a22002657a 4500
005 20110330151018.0
010 _aB-424114-117
020 _a9780140274110
_c199.00
035 _aB-424114-117
037 _bPenguin Books
037 _bAllied/DE/2011/CR/0000149/27.4.11/85/24.3.11/10.6.11
082 _aN
100 _aCapote, Truman
_932201
245 0 0 _aBreakfast at Tiffany's /
_cby Truman Capote
260 _aNew Delhi
_bPenguin Books
_c1961
270 _a11 Community Centre, Panchsheel Park
_bNew Delhi
_e110017
300 _a157p.
_c18cm(pbk)
942 _2ddc
_cEN
_mCAP
_hN
999 _c51319
_d51319